Geography Quiz

Random Geography or World Quiz

'A' Cities by Picture Quiz Stats

 Plays Quiz Updated Oct 20, 2015

Also try: World Capitals A-Z
Challenge
Share
Tweet
Score 0/20 Timer 07:00
6 Plays Today
% Correct
Athens, Greece
99.3%
Atlanta, Georgia, USA
73.2%
Amsterdam, Netherlands
71.8%
Ankara, Turkey
57.9%
Alexandria, Egypt
57.2%
Agra, India
55.8%
Auckland, New Zealand
54.5%
Austin, Texas, USA
44.9%
Adelaide, Australia
43.9%
Accra, Ghana
42.5%
% Correct
Addis Ababa, Ethiopia
37.5%
Amman, Jordan
37.2%
Abuja, Nigeria
35.3%
Acapulco, Mexico
35.2%
AsunciĆ³n, Paraguay
33.5%
Algiers, Algeria
28.9%
Astana, Kazakhstan
24.9%
Abu Dhabi, United Arab Emirates
23.4%
Antananarivo, Madagascar
14.4%
Amritsar, India
13.9%

You're not logged in!

Compare scores with friends on all Sporcle quizzes.
Join for Free
OR
Log In

You Might Also Like...

Show Comments

Extras

Top Quizzes Today


Score Distribution

Your Account Isn't Verified!

In order to create a playlist on Sporcle, you need to verify the email address you used during registration. Go to your Sporcle Settings to finish the process.

Report this User

Report this user for behavior that violates our Community Guidelines.

Details: